000 01187nam a2200313 a 4500
001 000113647
003 CHAP
005 20220329144406.0
008 170904s2017 mx a fsm |||||||spa d
010 _a110108
011 _a111080
040 _cCHAP
090 _aTesis
100 1 _aOrtíz Sánchez, Abel
_9133142
245 1 0 _aResistencia de Euphorbia heterophylla L. a prosulfuron, atrazina, fluroxipir y dicamba + 2,4-D en biotipos colectados en el estado de Morelos /
_h[En línea]
_cpor Abel Ortíz Sánchez.
260 _aChapingo, Méx. :
_bEl autor,
_c2017.
500 _aPara ver el contenido del material haga clic en la liga
502 _aTesis (Ing. Agr. Esp. en Parasitología Agrícola) -- UACH. Departamento Parasitología Agrícola
590 _aE6096MTM
_b05
_c20170904
_lUCH01
_h1219
590 _aE6096MTM
_b05
_c20170904
_lUCH01
_h1220
590 _aE6096MTM
_b05
_c20170905
_lUCH01
_h0908
650 1 4 _aHerbicidas
_xAplicación.
_953692
650 1 4 _aHerbicidas
_xPruebas.
_9132172
650 1 4 _aMalas hierbas
_xControl.
_970011
856 _aFinding aid
_uhttp://10.13.5.2/tesis/sist113647.pdf
_zTeclea aquí
901 _aBK
942 _cTESIS
942 _n0
999 _c110108
_d110108